|
|
|
|
| LEADER |
01115nam a22003017a 4500 |
| 001 |
35466 |
| 003 |
BD-DhAAL |
| 005 |
20211130150131.0 |
| 008 |
191020t1995 nyu 001 0 eng d eng d |
| 999 |
|
|
|c 41636
|d 41636
|
| 020 |
|
|
|a 002827220X
|
| 020 |
|
|
|a 9780028272207
|
| 040 |
|
|
|a BD-DhAAL
|
| 082 |
|
|
|a 540
|2 23
|
| 100 |
|
|
|a Smoot, Robert C.
|9 36150
|
| 245 |
|
|
|a Merrill chemistry /
|c Robert C. Smoot, Richard G. Smith, Jack Price.
|
| 250 |
|
|
|a Teacher wraparound edition.
|
| 260 |
|
|
|a New York, N.Y. :
|b Glencoe,
|c c1995.
|
| 300 |
|
|
|a xviii, 910 pages :
|b color illustrations ;
|c 26 cm.
|
| 504 |
|
|
|a Includes bibliographies and index.
|
| 526 |
|
|
|a BIED
|
| 541 |
|
|
|a Complimentary copy from BIED
|e 35466
|
| 650 |
|
|
|a Chemistry.
|9 36151
|
| 700 |
|
|
|a Smith, Richard G.
|9 36152
|
| 700 |
|
|
|a Price, Jack.
|9 36153
|
| 852 |
|
|
|a Ayesha Abed Library
|c BIED Collection
|
| 942 |
|
|
|2 ddc
|c BK
|
| 952 |
|
|
|0 0
|1 0
|2 ddc
|4 0
|6 540_000000000000000_SMO
|7 0
|9 66846
|a BRACUL
|b BRACUL
|c GEN
|d 2019-10-20
|e Complimentary copy from BIED
|l 3
|m 6
|o 540 SMO
|p 3010035466
|r 2024-06-03
|s 2024-06-03
|t 1
|w 2019-10-20
|y BK
|x Transferred from BIED to General Stacks
|